01224 a2200205 4500003000500000005001700005010001600022020001500038040000900053082001500062100002300077245006400100250001200164260004100176300004600217440005500263505065200318650002400970700002400994Nust20221129111147.0 a 92032192 a0534932193 cNust00a519.4, BUR1 aBurden, Richard L.10aNumerical analysis /cRichard L. Burden, J. Douglas Faires. a5th ed. aBoston :bPWS-Kent Pub. Co.,cc1993. axiv, 768 p. :bill. (some col.) ;c24 cm. 4aThe Prindle, Weber & Schmidt series in mathematics aMathematical Preliminaries (Page -1), Solutions of Equations in One Variable (Page-39), Interpolation and Polynomial Approximation (Page-95), Numerical Differentiation and Integration (Page-156), Initial Value Problems for Ordinary Differential Equations (Page-232), Direct Methods for Solving Linear Systems (Page-323), Iterative Techniques in Matrix Algebra (Page-389), Approximation Theory (Page-435), Approximating Eigen values (Page-497), Numerical Solutions of Nonlinear Systems of Equations (Page-543), Boundary Value Problems for Ordinary Differential Equations( Page-577), Numerical Solutions to partial Differential Equations (Page-622). 0aNumerical analysis.1 aFaires, J. Douglas.